| 000 | 00872nas a2200301 4500 | ||
|---|---|---|---|
| 001 | BR2015006129 | ||
| 003 | BR-BrBNA | ||
| 005 | 20231205125856.0 | ||
| 007 | ta | ||
| 008 | 230509b bl.|||p| |||| 00| 00por d | ||
| 040 |
_aBR-BrBNA _bpor _cBiblioteca Nacional de Agricultura |
||
| 041 | _a(En) | ||
| 072 | _aF30; F07; P33 | ||
| 100 | 1 | _aLima, J.S. de S. | |
| 100 | 1 | _aCosta, F.P. | |
| 100 | 1 | _aXavier, A.C. | |
| 100 | 1 | _aOliveira, R.B. de | |
| 100 | 1 | _aSilva, S. de A. | |
| 245 | 1 | _aSpatial and temporal variability of the productivity of coffee Canephora | |
| 650 | _aCAFÉ | ||
| 650 | _aVARIEDADE | ||
| 650 | _aMANEJO DO SOLO | ||
| 650 | _aPRODUTIVIDADE | ||
| 650 | _aSAFRA | ||
| 773 | 0 |
_tCoffee Science (Brazil) _xISSN 1809-6875 _g(Jul-Sep 2014), v. 9(3) p. 400-407 _wBR2015006129 |
|
| 909 |
_a202311 _bLúcia _c55 _dLúcia Elande |
||
| 942 |
_2AGRIS _n0 _cANA |
||
| 999 |
_c246646 _d246646 |
||